MARC details
| 000 -LEADER |
| fixed length control field |
00893nam a2200253 a 4500 |
| 001 - CONTROL NUMBER |
| control field |
13785077 |
| 008 - FIXED-LENGTH DATA ELEMENTS--GENERAL INFORMATION |
| fixed length control field |
160919s2006 ||||||||||||||||| || u |
| 010 ## - LIBRARY OF CONGRESS CONTROL NUMBER |
| LC control number |
2004063649 |
| 020 ## - INTERNATIONAL STANDARD BOOK NUMBER |
| International Standard Book Number |
1585674826 |
| 020 ## - INTERNATIONAL STANDARD BOOK NUMBER |
| International Standard Book Number |
9781585674824 |
| 050 ## - LIBRARY OF CONGRESS CALL NUMBER |
| Classification number |
PR 6072.I52S66 |
| 100 ## - MAIN ENTRY--PERSONAL NAME |
| Personal name |
Vincenzi, Penny |
| 245 10 - TITLE STATEMENT |
| Title |
Something dangerous |
| Statement of responsibility, etc. |
Penny Vincenzi. |
| 260 ## - PUBLICATION, DISTRIBUTION, ETC. |
| Place of publication, distribution, etc. |
Woodstock, NY |
| Name of publisher, distributor, etc. |
Overlook Press |
| Date of publication, distribution, etc. |
2006 |
| 260 ## - PUBLICATION, DISTRIBUTION, ETC. |
| Place of publication, distribution, etc. |
Woodstock, NY |
| Name of publisher, distributor, etc. |
Headline Review |
| Date of publication, distribution, etc. |
2006 |
| 300 ## - PHYSICAL DESCRIPTION |
| Extent |
723 pages |
| 650 #0 - SUBJECT ADDED ENTRY--TOPICAL TERM |
| Topical term or geographic name entry element |
Publishers and publishing - Fiction |
| 650 #0 - SUBJECT ADDED ENTRY--TOPICAL TERM |
| Topical term or geographic name entry element |
Lytton family (Fictitious characters) - Fiction |
| 650 #0 - SUBJECT ADDED ENTRY--TOPICAL TERM |
| Topical term or geographic name entry element |
England - Fiction |
| 650 #0 - SUBJECT ADDED ENTRY--TOPICAL TERM |
| Topical term or geographic name entry element |
Twins - Fiction |
| 650 #0 - SUBJECT ADDED ENTRY--TOPICAL TERM |
| Topical term or geographic name entry element |
Sisters - Fiction |
| 856 ## - ELECTRONIC LOCATION AND ACCESS |
| Uniform Resource Identifier |
<a href="http://www.loc.gov/catdir/enhancements/fy1516/2004063649-s.html">http://www.loc.gov/catdir/enhancements/fy1516/2004063649-s.html</a> |
| 995 ## - RECOMMENDATION 995 [LOCAL, UNIMARC FRANCE] |
| -- |
CBU-MAIN LIBRARY (Kitwe) |
| -- |
1 |
| -- |
OUT |
| -- |
Sep 19, 2016 |
| -- |
Fiction Collection |